Právna úprava vo vybraných štátoch EÚ týkajúca sa zákazu diskriminácie z dôvodu pohlavia, ochrany materstva v pracovnoprávnych vzťahoch a rodičovskej dovolenky

Pokračovanie príspevku o legislatívnych úpravách týkajúcich sa zákazu diskriminácie z dôvodu pohlavia, ochrany materstva v pracovnoprávnych vzťahoch a rodičovskej dovolenky vo Veľkej Británii, v Taliansku a vo Švédsku.

Gespeichert in:
Bibliographische Detailangaben
1. Verfasser: Kyjacová, Ľubomíra
Format: Buchkapitel
Sprache:Slowakisch
Schlagworte:
Tags: Tag hinzufügen
Keine Tags, Fügen Sie das erste Tag hinzu!

MARC

LEADER 00000naa a2200000 4500
001 r040902
005 20230807085830.5
041 0 |a slo 
044 |a SK 
245 1 0 |a Právna úprava vo vybraných štátoch EÚ týkajúca sa zákazu diskriminácie z dôvodu pohlavia, ochrany materstva v pracovnoprávnych vzťahoch a rodičovskej dovolenky  |c Ľubomíra Kyjacová 
520 |a Pokračovanie príspevku o legislatívnych úpravách týkajúcich sa zákazu diskriminácie z dôvodu pohlavia, ochrany materstva v pracovnoprávnych vzťahoch a rodičovskej dovolenky vo Veľkej Británii, v Taliansku a vo Švédsku. 
610 2 0 |a vzťahy pracovnoprávne 
610 2 0 |a vzťahy genderové 
610 2 0 |a diskriminácia pracovná 
610 2 0 |a materstvo 
610 2 0 |a ženy 
610 2 0 |a ochrana právna 
610 2 0 |a Európska únia 
610 2 0 |a Taliansko 
610 2 0 |a Švédsko 
610 2 0 |a Veľká Británia 
100 1 |a Kyjacová, Ľubomíra